000 01697cam a22004814i 4500
003 PE-LiUPU
005 20250731172944.0
008 150623s r 000 0 d
020 _a0310200083
035 _a(Sirsi) i9780310200086
040 _aPE-LiUPU
_bspa
_cPE-LiUPU
_erda
049 _aPRUA
082 0 4 _a259.1
_bR54
_221
100 1 _aRichardson, Willie,
_eautor.
245 1 0 _aReclaiming the urban family :
_bhow to mobilize the church as a family training center /
_cWillie Richardson.
264 1 _aMichigan :
_bZondervan Publishing House,
_c1996.
300 _a272 páginas ;
_c20 centímetros
336 _atext
_2rdacontent
337 _aunmediated
_2rdamedia
338 _avolume
_2rdacarrier
504 _aBibliografía al final de cada capítulo.
505 0 _aThe spiritual challenge. -The training of single Christians. -Training families finacially. -Training in family relationships. -Resources for family ministry.
526 _aSEG42
526 _aSEG41
526 _aSEG40
526 _aSEG39
526 _aP94
526 _aP87
526 _aP86
526 _aP85
526 _aP77
526 _aP76
526 _aP35
650 0 4 _aFamilias.
650 0 4 _aMatrimonio.
_92383
650 0 4 _aTrabajo de iglesia con familias.
942 _2ddc
_cBOOK
949 _a259.1 R54
_wDEWEY
_c1
_i44696
_lCCODEBUL1
_mBUL
_r0
_sY
_tBOOK
_u2015-6-24
_xTEOLOGIA
_PP35
_0COMPRA
_o.STAFF. Colección General
994 _aC0
_bPEPRU
596 _a1
999 _a259.1 R54
_wDEWEY
_c21560
_i44696
_f2021-11-10
_g5
_lCCODEBUL1
_mBUL
_r0
_sY
_tBOOK
_u2015-6-24
_xTEOLOGIA
_PP35
_0COMPRA
_o.STAFF. Colección General
_d21560
980 _81
_gALBERTO SANCHEZ Responsable de Automatización